|
|
|
|
| LEADER |
00000nab a2200000 a 4500 |
| 001 |
vtls000700209 |
| 003 |
SK-MaSNL |
| 005 |
20260318122048.0 |
| 008 |
160405c1999 xo 0 hun |
| 015 |
|
|
|a SNBRB1999/09-12840
|
| 035 |
|
|
|a CLN000052376
|
| 040 |
|
|
|a SNKBUCL
|b slo
|c SNKBUCL
|e AACR2
|
| 041 |
0 |
|
|a hun
|
| 044 |
|
|
|a xo
|c SK
|
| 080 |
|
|
|a 943.7"1919/1923"
|2 1997
|
| 080 |
|
|
|a 323.15(437=945.11)"1919/1923"
|2 1997
|
| 100 |
1 |
|
|a Popély, Gyula,
|d 1945-
|4 aut
|9 85478
|
| 245 |
1 |
0 |
|a A "csehszlovák demokrácia" jellege az impériumváltás után
|c Popély Gyula
|
| 504 |
|
|
|a Bibliogr. odkazy
|
| 650 |
0 |
7 |
|a Maďari
|z Česko-Slovensko
|y 1919-1923
|2 snkbucl
|9 1500789
|
| 651 |
|
7 |
|a Československo
|x dejiny
|y 1919-1923
|2 snkbucl
|9 16980
|
| 655 |
|
7 |
|a články z novín a časopisov
|2 snkbucl
|9 267496
|
| 773 |
0 |
|
|t Irodalmi szemle
|g Roč. 42, č. 5-6 (1999), s. 89-99
|
| 850 |
|
|
|a Slovenská národná knižnica v Martine
|
| 852 |
|
|
|a SNK
|b KIS3GCP
|
| 958 |
|
|
|a HU
|
| 958 |
|
|
|a SK
|
| 958 |
|
|
|a NB
|
| 958 |
|
|
|a RBX
|
| 999 |
|
|
|c 2995337
|d 2997267
|